MARC details
| 000 -LEADER |
| fixed length control field |
04456cam a22003975a 4500 |
| 003 - CONTROL NUMBER IDENTIFIER |
| control field |
EG-ScBUE |
| 005 - DATE AND TIME OF LATEST TRANSACTION |
| control field |
20220516121746.0 |
| 006 - FIXED-LENGTH DATA ELEMENTS--ADDITIONAL MATERIAL CHARACTERISTICS--GENERAL INFORMATION |
| fixed length control field |
m||||fq||h 00| 0 |
| 008 - FIXED-LENGTH DATA ELEMENTS--GENERAL INFORMATION |
| fixed length control field |
100926r20102008enka f 000 0 eng d |
| 020 ## - INTERNATIONAL STANDARD BOOK NUMBER |
| International Standard Book Number |
9780521690874 (Edition with Answers and Audio CD) |
| 040 ## - CATALOGING SOURCE |
| Original cataloging agency |
EG-ScBUE |
| Language of cataloging |
eng |
| Description conventions |
rda |
| Transcribing agency |
EG-ScBUE |
| Modifying agency |
EG-ScBUE |
| 082 04 - DEWEY DECIMAL CLASSIFICATION NUMBER |
| Classification number |
425.076 |
| Item number |
HAS |
| Edition number |
22 |
| 100 1# - MAIN ENTRY--PERSONAL NAME |
| Personal name |
Hashemi, Louise, |
| Relator term |
author. |
| 9 (RLIN) |
19911 |
| 245 10 - TITLE STATEMENT |
| Title |
Grammar for first certificate with answers : |
| Remainder of title |
self-study grammar reference and practice / |
| Statement of responsibility, etc |
Louis Hashemi and Barbara Thomas |
| 246 34 - VARYING FORM OF TITLE |
| Title proper/short title |
Cambridge grammar for first certificate with answers : |
| Remainder of title |
self-study grammar reference and practice |
| 250 ## - EDITION STATEMENT |
| Edition statement |
Fourth printing. |
| 264 #1 - PUBLICATION, DISTRIBUTION, ETC. (IMPRINT) |
| Place of publication, distribution, etc |
Cambridge : |
| Name of publisher, distributor, etc |
Cambridge University Press, |
| Date of publication, distribution, etc |
2010. |
| 300 ## - PHYSICAL DESCRIPTION |
| Extent |
xii, 259 pages : |
| Other physical details |
illustrations ; |
| Dimensions |
25 cm + |
| Accompanying material |
1 CD. |
| 336 ## - CONTENT TYPE |
| Source |
rdacontent |
| Content type term |
text |
| Content type code |
txt |
| 336 ## - CONTENT TYPE |
| Source |
rdacontent |
| Content type term |
spoken word |
| Content type code |
spw |
| 337 ## - MEDIA TYPE |
| Source |
rdamedia |
| Media type term |
unmediated |
| Media type code |
n |
| 337 ## - MEDIA TYPE |
| Source |
rdamedia |
| Media type term |
audio |
| Media type code |
s |
| 338 ## - CARRIER TYPE |
| Source |
rdacarrier |
| Carrier type term |
volume |
| Carrier type code |
nc |
| 338 ## - CARRIER TYPE |
| Source |
rdacarrier |
| Carrier type term |
audio disc |
| Carrier type code |
sd |
| 490 0# - SERIES STATEMENT |
| Series statement |
Cambridge books for Cambridge exams |
| 505 0# - FORMATTED CONTENTS NOTE |
| Formatted contents note |
1. Present tenses: Present simple, present continuous, state verbs; 2. Past tenses: Past simple, past continuous, used to (and to be used to), would; 3. Present perfect simple and past simple: Present perfect and past simple, present perfect simple and continuous; 4. Past perfect: Past perfect simple and continuous; 5. Future 1: Present tenses, will, future continuous; 6. Future 2: Going to, future in the past, present after time adverbs, future perfect, to be about to; 7. Adjectives: Comparative and superlative adjectives, position, order, adjectives ending in -ing and -ed; 8. Adverbs: Formation, adverbs and adjectives easily confused, comparative and superlative adverbs, modifiers, position; 9. Questions: Yes / no questions, short answers, question words, question tags, agreeing; 10. Countable and uncountable nouns, articles: Countable and uncountable nouns, a, the and no article, special uses articles; 11. Pronouns and determiners: Possessives, reflexive pronouns, each other etc, there and it, someone etc, all, most and some, each and every, both, neither etc; 12. Modals 1: Use of modals, obligation, necessity; 13. Modals 2: Permission, requests, offers, suggestions, orders, advice; 14. Modals 3: Ability, deduction: certainty, probability and possibility; 15. Passive: Passive, to have something done; 16. Reported speech: Reporting about the past, reporting about the present, verbs used for reporting, questions; 17. Verbs followed by to-infinitive or -ing: Verb + to-infinitive, verb + infinitive without to, verb + -ing, verb + object + to-infinitive, verb + that, adjectives; 18. Phrasal verbs: Meaning and form, verb + preposition, verb + adverb, verb + preposition + adverb; 19. Conditionals 1: Zero, first, second and third conditionals, mixed conditionals; 20. Conditionals 2: Unless, in case, as / so long as, provided that, I wish / if only, it's time, I'd rather, otherwise / or else; 21. Prepositions 1: Prepositions of place and time; 22. Prepositions 2: Prepositions which follow verbs and adjectives, prepositions to express who, how and why, expressions with prepositions; 23. Relative clauses: Defining and non-defining relative clauses, relative pronouns and prepositions; 24. Linking words 1: Because, as and since, so and therefore, in order to, to + infinitive and so (that), so and such, enough and too; 25. Linking words 2: In spite of and despite, but, although and though, even though and even if, participle clauses, before and after + -ing, when, while and since + -ing. |
| 520 ## - SUMMARY, ETC. |
| Summary, etc |
Cambridge Grammar for First Certificate provides complete coverage of the grammar needed for the Cambridge FCE exam, and develops listening skills at the same time. It includes the full range of FCE exam tasks from the Reading, Writing, Listening, and Use of English papers, and contains helpful grammar explanations and a grammar glossary. An edition 'without answers' is also available. |
| 650 #7 - SUBJECT ADDED ENTRY--TOPICAL TERM |
| Topical term or geographic name as entry element |
English language |
| General subdivision |
Grammar. |
| Source of heading or term |
BUEsh |
| 9 (RLIN) |
12875 |
| 650 #7 - SUBJECT ADDED ENTRY--TOPICAL TERM |
| Topical term or geographic name as entry element |
English language |
| General subdivision |
Grammar |
| Form subdivision |
Problems, exercises, etc. |
| Source of heading or term |
BUEsh |
| 9 (RLIN) |
13812 |
| 650 #7 - SUBJECT ADDED ENTRY--TOPICAL TERM |
| Topical term or geographic name as entry element |
English language |
| Form subdivision |
Textbooks for foreign speakers. |
| Source of heading or term |
BUEsh |
| 9 (RLIN) |
13993 |
| 651 ## - SUBJECT ADDED ENTRY--GEOGRAPHIC NAME |
| Source of heading or term |
BUEsh |
| 653 ## - INDEX TERM--UNCONTROLLED |
| Resource For college |
Humanities: English |
| Arrived date list |
October2018 |
| -- |
January2019 |
| 655 ## - INDEX TERM--GENRE/FORM |
| Form subdivision |
Reading book |
| 9 (RLIN) |
34232 |
| 700 1# - ADDED ENTRY--PERSONAL NAME |
| Personal name |
Thomas, Barbara, |
| Dates associated with a name |
1953- |
| Relator term |
author. |
| 9 (RLIN) |
20857 |
| 942 ## - ADDED ENTRY ELEMENTS (KOHA) |
| Source of classification or shelving scheme |
Dewey Decimal Classification |
| Koha item type |
Book - Borrowing |